[Event "GER-ch U25 op-A"]
[Site "Oberhof"]
[Date "2013.05.25"]
[Round "9"]
[White "Hartewig, Philipp"]
[Black "Usczeck, Lukas"]
[Result "1/2-1/2"]
[WhiteElo "1811"]
[BlackElo "1794"]
[PlyCount "42"]
[EventDate "2013.05.19"]
[EventType "swiss"]
[EventRounds "9"]
[EventCountry "GER"]
[SourceTitle "CBM 154 Extra"]
[Source "ChessBase"]
[SourceDate "2013.06.25"]
[SourceVersion "2"]
[SourceVersionDate "2013.06.25"]
[SourceQuality "1"]

1. d4 Nf6 2. c4 e5 3. dxe5 Ng4 4. Nf3 Bc5 5. e3 Nc6 6. Be2 Ngxe5 7. a3 d6 8. b4 Bb6 9. Bb2 Nxf3+ 10. Bxf3 0-0 11. 0-0 Qe7 12. Nc3 Ne5 13. Be2 c6 14. Qc2 Rd8 15. Rad1 Bg4 16. Bxg4 Nxg4 17. Qe2 Qh4 18. h3 Ne5 19. e4 g5 20. Na4 Bc7 21. Bxe5 dxe5 1/2-1/2

[Event "GER-ch U25 op-A"]
[Site "Oberhof"]
[Date "2013.05.21"]
[Round "4"]
[White "Hartewig, Philipp"]
[Black "Goettel, Tobias"]
[Result "1-0"]
[WhiteElo "1811"]
[BlackElo "1939"]
[PlyCount "115"]
[EventDate "2013.05.19"]
[EventType "swiss"]
[EventRounds "9"]
[EventCountry "GER"]
[SourceTitle "CBM 154 Extra"]
[Source "ChessBase"]
[SourceDate "2013.06.25"]
[SourceVersion "2"]
[SourceVersionDate "2013.06.25"]
[SourceQuality "1"]

1. d4 Nf6 2. c4 g6 3. Nc3 d5 4. cxd5 Nxd5 5. e4 Nxc3 6. bxc3 c5 7. Bb5+ Bd7 8. Bxd7+ Qxd7 9. Nf3 Bg7 10. Be3 Nc6 11. 0-0 cxd4 12. cxd4 0-0 13. Rb1 Rfd8 14. d5 Na5 15. Bd4 e6 16. Bxg7 Kxg7 17. Qd4+ Kg8 18. Ne5 Qd6 19. Ng4 Kf8 20. Qh8+ Ke7 21. Qf6+ Ke8 22. Ne5 Qe7 23. Qh8+ Qf8 24. Qxh7 Rd6 25. Rbc1 Qe7 26. Rc3 exd5 27. exd5 Rxd5 28. Re3 Rxe5 29. Qh8+ Kd7 30. Qxe5 Qxe5 31. Rxe5 Nc4 32. Rd1+ Kc6 33. Re7 Nd6 34. Rc1+ Kd5 35. f4 Re8 36. Rd1+ Kc5 37. Rc7+ Kb6 38. Rd7 Nc4 39. Rb1+ Ka6 40. Rbxb7 Re2 41. Rxf7 Ne3 42. Rxa7+ Kb6 43. Rae7 Rxg2+ 44. Kh1 Re2 45. Rf6+ Kc5 46. Rxg6 Kd4 47. Rg3 Re1+ 48. Rg1 Re2 49. Rd1+ Kc3 50. Rb1 Kc2 51. Rg1 Kd3 52. a4 Ra2 53. Ra7 Ke4 54. Re1 Kf3 55. Re7 Ng4 56. Rf1+ Nf2+ 57. Kg1 Rb2 58. Rg7 1-0

[Event "Sachsen-ch U18"]
[Site "Sebnitz"]
[Date "2012.04.10"]
[Round "1"]
[White "Hartewig, Philipp"]
[Black "Duenzel, Jonas"]
[Result "1-0"]
[WhiteElo "1811"]
[BlackElo "2067"]
[PlyCount "83"]
[EventDate "2012.04.10"]
[EventType "swiss"]
[EventRounds "7"]
[EventCountry "GER"]
[SourceTitle "CBM 148 Extra"]
[Source "ChessBase"]
[SourceDate "2012.06.22"]
[SourceVersion "1"]
[SourceVersionDate "2012.06.22"]
[SourceQuality "1"]

1. d4 Nf6 2. c4 g6 3. Nc3 d5 4. cxd5 Nxd5 5. e4 Nxc3 6. bxc3 Bg7 7. Bb5+ c6 8. Bc4 0-0 9. Ne2 c5 10. 0-0 cxd4 11. cxd4 Nc6 12. Be3 Na5 13. Bd3 Be6 14. Qd2 Nc4 15. Bxc4 Bxc4 16. Rfd1 Rc8 17. Rac1 Qd7 18. Nc3 Rfd8 19. f4 b5 20. d5 b4 21. Ne2 Qa4 22. Nd4 a5 23. Qf2 e6 24. g4 exd5 25. e5 Bxa2 26. e6 fxe6 27. Nxe6 Re8 28. Nxg7 Kxg7 29. f5 Rf8 30. Qb2+ Kg8 31. Bh6 Qd7 32. Qxa2 Qa7+ 33. Kg2 Qb7 34. Bxf8 Rxf8 35. Qxd5+ Qxd5+ 36. Rxd5 gxf5 37. Rxf5 Ra8 38. Ra1 a4 39. Rf4 b3 40. Rfxa4 Rb8 41. Rb1 b2 42. Ra2 1-0

[Event "Sachsen-ch U18"]
[Site "Sebnitz"]
[Date "2011.04.29"]
[Round "4"]
[White "Hartewig, Philipp"]
[Black "Suess, Nils"]
[Result "1-0"]
[WhiteElo "1628"]
[BlackElo "1699"]
[PlyCount "58"]
[EventDate "2011.04.26"]
[EventType "swiss"]
[EventRounds "5"]
[EventCountry "GER"]
[SourceTitle "EXT 2012"]
[Source "ChessBase"]
[SourceDate "2011.11.24"]
[SourceVersion "1"]
[SourceVersionDate "2011.11.24"]
[SourceQuality "1"]

1. d4 Nf6 2. c4 e6 3. Nc3 c5 4. d5 exd5 5. cxd5 d6 6. Nf3 g6 7. Bf4 Bg7 8. Qa4+ Bd7 9. Qb3 Qc7 10. e4 0-0 11. Be2 a6 12. a4 Bg4 13. h3 Bxf3 14. Bxf3 Nbd7 15. 0-0 Rfe8 16. Qc2 Rab8 17. a5 b5 18. axb6 Rxb6 19. Rfb1 Reb8 20. Be2 c4 21. Na4 Rb4 22. Bd2 R4b7 23. Bxc4 Nb6 24. Bd3 Qxc2 25. Bxc2 Nxa4 26. Rxa4 Rxb2 27. Rxb2 Rxb2 28. Rc4 Nxe4 29. Rc8+ Bf8 1-0

[Event "GER-ch U25"]
[Site "Oberhof"]
[Date "2010.05.28"]
[Round "8"]
[White "Hundt, Fabian"]
[Black "Hartewig, Philipp"]
[Result "0-1"]
[WhiteElo "1948"]
[BlackElo "1650"]
[PlyCount "44"]
[EventDate "2010.05.22"]
[EventType "swiss"]
[EventRounds "9"]
[EventCountry "GER"]
[SourceTitle "CBM 136 Extra"]
[Source "ChessBase"]
[SourceDate "2010.07.02"]
[SourceVersion "2"]
[SourceVersionDate "2010.07.15"]
[SourceQuality "1"]

1. e4 d6 2. d4 Nf6 3. Nc3 g6 4. f3 c6 5. Be3 b5 6. a3 Nbd7 7. Qd2 Bb7 8. Bd3 Qc7 9. Nge2 a6 10. Na2 c5 11. c4 bxc4 12. Bc2 Bg7 13. Rc1 0-0 14. Bb1 Nb6 15. dxc5 dxc5 16. Qa5 Nfd7 17. Nac3 Rac8 18. 0-0 Qc6 19. Nd5 Nxd5 20. exd5 Qb5 21. Qxb5 axb5 22. Nc3 b4 0-1

[Event "GER-ch Net qual4 U18"]
[Site "Playchess.com INT"]
[Date "2009.06.17"]
[Round "3"]
[White "Hartewig, Philipp"]
[Black "Hirschmann, Jakob"]
[Result "1-0"]
[WhiteElo "1503"]
[BlackElo "1766"]
[PlyCount "97"]
[EventDate "2009.06.17"]
[EventType "swiss (blitz)"]
[EventRounds "7"]
[EventCountry "GER"]
[SourceTitle "CBM 130 Extra"]
[Source "ChessBase"]
[SourceDate "2009.07.02"]
[SourceVersion "2"]
[SourceVersionDate "2009.07.15"]
[SourceQuality "1"]

1. d4 e6 2. c4 Nf6 3. g3 c5 4. Nf3 b6 5. Nc3 Bb7 6. Bg2 d5 7. cxd5 Nxd5 8. dxc5 Bxc5 9. 0-0 0-0 10. Nxd5 Bxd5 11. b3 Nc6 12. Bb2 Rc8 13. Rc1 Nb4 14. a3 Nc6 15. b4 Be7 16. Nd4 Bxg2 17. Kxg2 Nxd4 18. Qxd4 Qxd4 19. Bxd4 Bf6 20. Bxf6 gxf6 21. Rfd1 Rfd8 22. Rxd8+ Rxd8 23. Rc7 Rd2 24. Kf3 a5 25. bxa5 bxa5 26. Rc5 Rd5 27. Rxd5 exd5 28. Ke3 Kf8 29. Kd4 Ke7 30. Kxd5 Kd7 31. Kc5 Kc7 32. Kb5 Kb7 33. Kxa5 Ka7 34. Kb5 Kb7 35. a4 Ka7 36. a5 Kb7 37. f4 h6 38. h3 h5 39. g4 h4 40. e4 Ka7 41. e5 fxe5 42. fxe5 Kb7 43. a6+ Ka7 44. g5 Kb8 45. Kb6 Ka8 46. g6 fxg6 47. e6 g5 48. e7 g4 49. e8Q# 1-0

[Event "GER-ch Net qual4 U18"]
[Site "Playchess.com INT"]
[Date "2009.06.17"]
[Round "1"]
[White "Hartewig, Philipp"]
[Black "Tiemann, Tobias"]
[Result "0-1"]
[WhiteElo "1503"]
[BlackElo "1960"]
[PlyCount "62"]
[EventDate "2009.06.17"]
[EventType "swiss (blitz)"]
[EventRounds "7"]
[EventCountry "GER"]
[SourceTitle "CBM 130 Extra"]
[Source "ChessBase"]
[SourceDate "2009.07.02"]
[SourceVersion "2"]
[SourceVersionDate "2009.07.15"]
[SourceQuality "1"]

1. d4 d5 2. c4 e6 3. g3 c6 4. Bg2 dxc4 5. Nf3 b5 6. Ne5 Bb7 7. a4 a6 8. axb5 axb5 9. Rxa8 Bxa8 10. b3 cxb3 11. Qxb3 Qxd4 12. Bb2 Qb4+ 13. Qxb4 Bxb4+ 14. Nd2 Nf6 15. e3 0-0 16. Ke2 Rd8 17. Ndf3 Nd5 18. Rc1 c5 19. Nh4 c4 20. Bd4 Nc6 21. Bb6 Nxb6 22. Nxc6 Rd2+ 23. Kf1 Bf8 24. Rb1 Bxc6 25. Bxc6 b4 26. Nf3 Ra2 27. Nd4 c3 28. Be4 Nc4 29. Ke1 Nd2 30. Rc1 Nxe4 31. Nb3 Nxf2 0-1

[Event "GER-ch Net qual4 U18"]
[Site "Playchess.com INT"]
[Date "2009.06.17"]
[Round "4"]
[White "Kleibel, Uwe"]
[Black "Hartewig, Philipp"]
[Result "1-0"]
[WhiteElo "1999"]
[BlackElo "1503"]
[PlyCount "75"]
[EventDate "2009.06.17"]
[EventType "swiss (blitz)"]
[EventRounds "7"]
[EventCountry "GER"]
[SourceTitle "CBM 130 Extra"]
[Source "ChessBase"]
[SourceDate "2009.07.02"]
[SourceVersion "2"]
[SourceVersionDate "2009.07.15"]
[SourceQuality "1"]

1. d4 d5 2. c4 c6 3. Nf3 Nf6 4. e3 Bf5 5. Nbd2 dxc4 6. Nxc4 b5 7. Nce5 Qc7 8. Be2 Nbd7 9. 0-0 e6 10. a3 Bd6 11. Nxd7 Nxd7 12. h3 0-0 13. b4 Nf6 14. Bb2 Nd5 15. Rc1 Rac8 16. Nd2 Qb7 17. e4 Bxh3 18. exd5 Bf5 19. dxc6 Rxc6 20. Bf3 Rxc1 21. Bxb7 Rxd1 22. Rxd1 Rb8 23. Be4 Bg4 24. f3 Bh5 25. Nb3 f5 26. Bd3 a6 27. Nc5 Bf7 28. Re1 Re8 29. Kf2 g5 30. g3 h5 31. Kg2 Kg7 32. d5+ e5 33. Bxf5 Bxd5 34. Be4 Bc4 35. Rh1 Kh6 36. Rd1 Bb8 37. Rd7 Rf8 38. Rh7# 1-0

[Event "GER-ch Net qual1 U18"]
[Site "Playchess.com INT"]
[Date "2009.05.10"]
[Round "3"]
[White "Hartewig, Philipp"]
[Black "Hagedorn, Florian"]
[Result "0-1"]
[WhiteElo "1503"]
[BlackElo "1542"]
[PlyCount "94"]
[EventDate "2009.05.10"]
[EventType "swiss (blitz)"]
[EventRounds "7"]
[EventCountry "GER"]
[SourceTitle "CBM 130 Extra"]
[Source "ChessBase"]
[SourceDate "2009.07.02"]
[SourceVersion "2"]
[SourceVersionDate "2009.07.15"]
[SourceQuality "1"]

1. d4 d5 2. c4 e6 3. g3 Nf6 4. Bg2 Be7 5. Nf3 0-0 6. Nc3 Nbd7 7. 0-0 dxc4 8. Qc2 Nb6 9. e3 c6 10. Ne5 Bd7 11. Ne2 c3 12. Nxc3 Bb4 13. a3 Bxc3 14. Qxc3 Nfd5 15. Qc2 f6 16. Nxd7 Qxd7 17. Bd2 Rac8 18. Rac1 Rc7 19. Qd3 Rfc8 20. Rc2 c5 21. Rfc1 c4 22. Qe2 Qb5 23. Bxd5 exd5 24. Bb4 a5 25. Bc3 Na4 26. Kf1 Rc6 27. Ke1 Rb6 28. Rb1 Qb3 29. Qd2 Nxc3 30. Rxc3 Qa2 31. Qc2 Rb3 32. Rxb3 Qxb3 33. Rc1 Qxc2 34. Rxc2 b5 35. Kd2 b4 36. axb4 axb4 37. Rc1 Ra8 38. Rb1 Ra2 39. Kc1 Kf7 40. f3 Ke6 41. h3 Kd6 42. Kc2 Kc6 43. Re1 Kb5 44. e4 dxe4 45. Rxe4 c3 46. Kd3 cxb2 47. Re1 Ra1 0-1

[Event "GER-ch Net qual1 U18"]
[Site "Playchess.com INT"]
[Date "2009.05.10"]
[Round "5"]
[White "Hartewig, Philipp"]
[Black "Schulz, Anja2222"]
[Result "1-0"]
[WhiteElo "1503"]
[BlackElo "1995"]
[PlyCount "85"]
[EventDate "2009.05.10"]
[EventType "swiss (blitz)"]
[EventRounds "7"]
[EventCountry "GER"]
[SourceTitle "CBM 130 Extra"]
[Source "ChessBase"]
[SourceDate "2009.07.02"]
[SourceVersion "2"]
[SourceVersionDate "2009.07.15"]
[SourceQuality "1"]

1. d4 Nf6 2. c4 g6 3. Nc3 Bg7 4. e4 d6 5. f3 0-0 6. Be3 a6 7. Qd2 Nbd7 8. 0-0-0 e5 9. d5 Nh5 10. g4 Nf4 11. Nge2 g5 12. h4 f6 13. h5 h6 14. Rh2 Nb6 15. b3 Nd7 16. Ng3 b6 17. Nf5 Nc5 18. Nxg7 Kxg7 19. Bxc5 bxc5 20. Ne2 Bd7 21. Nxf4 exf4 22. Re2 a5 23. a4 Rb8 24. Qc3 Re8 25. Kd2 Rb4 26. Rb1 Bxa4 27. Rb2 Qb8 28. Kc2 Rxb3 29. Rxb3 Bxb3+ 30. Qxb3 Qb4 31. Qxb4 axb4 32. Kb3 f5 33. gxf5 Kf6 34. Ra2 Ke5 35. Rd2 Ra8 36. Ra2 Rc8 37. Kc2 Kd4 38. Kd1 b3 39. Rd2+ Kc3 40. Rd3+ Kxc4 41. Kc1 Kb4 42. Kb2 Ra8 43. Rxb3+ 1-0

[Event "Sachsen-ch U16"]
[Site "Sebnitz"]
[Date "2009.04.17"]
[Round "5"]
[White "Hartewig, Philipp"]
[Black "Franke, Michael"]
[Result "0-1"]
[WhiteElo "1406"]
[BlackElo "1487"]
[PlyCount "114"]
[EventDate "2009.04.14"]
[EventType "swiss"]
[EventRounds "7"]
[EventCountry "GER"]
[SourceTitle "EXT 2010"]
[Source "ChessBase"]
[SourceDate "2010.11.25"]
[SourceVersion "1"]
[SourceVersionDate "2010.11.25"]
[SourceQuality "1"]

1. d4 c5 2. Nf3 e6 3. c4 Nf6 4. g3 Nc6 5. Bg2 d5 6. cxd5 Nxd5 7. dxc5 Bxc5 8. e4 Bb4+ 9. Bd2 Nf6 10. Bxb4 Qxd1+ 11. Kxd1 Nxb4 12. Nc3 Bd7 13. Ke2 Bc6 14. Ne5 Rd8 15. Rhd1 0-0 16. a3 Nc2 17. Nxc6 bxc6 18. Rxd8 Rxd8 19. Rd1 Nd4+ 20. Kf1 e5 21. h3 Nd7 22. Na4 Rb8 23. Rc1 f6 24. Ke1 Rb3 25. Bf1 Nb6 26. Nxb6 Rxb6 27. Bc4+ Kf8 28. b4 Nf3+ 29. Kd1 Ng5 30. h4 Nxe4 31. Ke2 Nd6 32. Bd3 g6 33. Ra1 Nb5 34. Kd2 Nd4 35. Kc3 Ke7 36. a4 Kd6 37. Rd1 f5 38. Bc4 Rb8 39. Re1 Rxb4 40. Kxb4 Nc2+ 41. Kc3 Nxe1 42. Be2 e4 43. Kd2 Nf3+ 44. Kc3 Ne5 45. Kc2 Kc5 46. Kb3 a5 47. Bd1 Kd4 48. Be2 Nd3 49. Kc2 Kc4 50. f3 Kb4 51. Kd2 Kxa4 52. fxe4 fxe4 53. Bg4 Kb3 54. Be6+ Kb2 55. Bd7 a4 56. Bxc6 a3 57. Bd5 Nc5 0-1

[Event "Sachsen-ch U16"]
[Site "Sebnitz"]
[Date "2009.04.17"]
[Round "6"]
[White "Hoffmann, Jakob"]
[Black "Hartewig, Philipp"]
[Result "1/2-1/2"]
[WhiteElo "1191"]
[BlackElo "1406"]
[PlyCount "42"]
[EventDate "2009.04.14"]
[EventType "swiss"]
[EventRounds "7"]
[EventCountry "GER"]
[SourceTitle "EXT 2010"]
[Source "ChessBase"]
[SourceDate "2010.11.25"]
[SourceVersion "1"]
[SourceVersionDate "2010.11.25"]
[SourceQuality "1"]

1. e4 d6 2. d4 Nf6 3. Nc3 g6 4. f4 Bg7 5. Bd3 c5 6. d5 0-0 7. Nf3 a6 8. a4 Bg4 9. h3 Bxf3 10. Qxf3 Nbd7 11. Be3 Qc7 12. g4 c4 13. Be2 e5 14. f5 Rab8 15. h4 Kh8 16. h5 gxf5 17. gxf5 Rg8 18. Kf2 Bf8 19. h6 Ng4+ 20. Ke1 Nxe3 21. Qxe3 Nf6 1/2-1/2

[Event "GER-chT U14"]
[Site "Verden"]
[Date "2008.12.27"]
[Round "2.2"]
[White "Hartewig, Philipp"]
[Black "Gitter, Lucas"]
[Result "1-0"]
[WhiteElo "1441"]
[BlackElo "1604"]
[PlyCount "127"]
[EventDate "2008.12.27"]
[EventType "team-swiss"]
[EventRounds "7"]
[EventCountry "GER"]
[SourceTitle "EXT 2010"]
[Source "ChessBase"]
[SourceDate "2010.11.25"]
[SourceVersion "1"]
[SourceVersionDate "2010.11.25"]
[SourceQuality "1"]
[WhiteTeam "Chemnitz Aufbau"]
[BlackTeam "Jena"]
[WhiteTeamCountry "GER"]
[BlackTeamCountry "GER"]

1. d4 Nf6 2. c4 g6 3. Nc3 Bg7 4. e4 0-0 5. e5 Ne8 6. Be3 d6 7. f4 dxe5 8. fxe5 c5 9. Nf3 Nc6 10. dxc5 Qxd1+ 11. Rxd1 Nxe5 12. Be2 Be6 13. Nxe5 Bxe5 14. Bd4 Bxd4 15. Rxd4 f5 16. 0-0 Nf6 17. Bf3 Bc8 18. Nd5 e5 19. Nxf6+ Rxf6 20. Rd8+ Kg7 21. Bd5 g5 22. Rf3 g4 23. Rb3 Kh6 24. Rd6 Kg5 25. Rxf6 Kxf6 26. c6 Be6 27. Bxe6 Kxe6 28. cxb7 Rb8 29. a4 e4 30. Kf2 f4 31. a5 a6 32. Rb6+ Ke5 33. c5 e3+ 34. Ke2 Ke4 35. Rb4+ Kd5 36. Rxf4 Rxb7 37. Kxe3 Rb3+ 38. Kf2 Rxb2+ 39. Kg3 Kxc5 40. Rxg4 Rb7 41. Rg5+ Kc6 42. Kh4 Rb4+ 43. g4 Rb5 44. Rf5 Kd7 45. Kg5 Ke7 46. h4 h6+ 47. Kg6 Rb4 48. Kh5 Ke6 49. Rf8 Rb5+ 50. Rf5 Rxf5+ 51. gxf5+ Kxf5 52. Kxh6 Kf6 53. h5 Kf7 54. Kg5 Kg7 55. h6+ Kh7 56. Kh5 Kg8 57. Kg6 Kh8 58. Kf6 Kh7 59. Ke6 Kxh6 60. Kd6 Kg6 61. Kc6 Kf6 62. Kb6 Ke7 63. Kxa6 Kd7 64. Kb7 1-0